[Event "4NCL 2023-24"]
[Site "England ENG"]
[Date "2024.02.10"]
[Round "5.1"]
[Board "3"]
[White "Svane, Rasmus"]
[Black "Zakarian, David"]
[Result "1-0"]
[WhiteTitle "GM"]
[BlackTitle "FM"]
[WhiteElo "2623"]
[BlackElo "2293"]
[WhiteTeam "Manx Liberty"]
[BlackTeam "Oxford 1"]
[WhiteFideId "4657101"]
[BlackFideId "13301276"]
[EventDate "2023.11.11"]

1. d4 Nf6 2. c4 e6 3. Nf3 d5 4. g3 Be7 5. Bg2 O-O 6. O-O c6 7. Nc3 a5 8. Bf4
Nbd7 9. b3 b6 10. cxd5 cxd5 11. Nb5 Ne8 12. Rc1 g5 13. Be3 Nb8 14. Qd2 Bd7 15.
Nc3 f6 16. h4 h6 17. hxg5 hxg5 18. Nh2 Ra7 19. f4 gxf4 20. Rxf4 f5 21. g4 Bd6
22. gxf5 Bxf4 23. Bxf4 Rxf5 24. Ng4 Nf6 25. Nh6+ Kh7 26. Nxf5 exf5 27. Nxd5 Bc6
28. Nxf6+ Qxf6 29. d5 Rg7 30. Bxb8 Rxg2+ 31. Kxg2 Bxd5+ 32. Qxd5 Qg5+ 33. Bg3
Qxc1 34. Qxf5+ 1-0

[Event "4NCL 2023-24"]
[Site "England ENG"]
[Date "2024.02.10"]
[Round "5.1"]
[Board "4"]
[White "Powierski, Emil"]
[Black "Jaracz, Pawel"]
[Result "0-1"]
[BlackTitle "GM"]
[WhiteElo "2288"]
[BlackElo "2467"]
[WhiteTeam "Oxford 1"]
[BlackTeam "Manx Liberty"]
[WhiteFideId "4656199"]
[BlackFideId "1102222"]
[EventDate "2023.11.11"]

1. e4 c5 2. c3 Nf6 3. e5 Nd5 4. Bc4 Nb6 5. Bb3 d6 6. exd6 Qxd6 7. Na3 Bf5 8. d4
cxd4 9. Nf3 dxc3 10. Qxd6 exd6 11. Nb5 Na6 12. O-O Be7 13. Re1 Kf8 14. bxc3 Nc5
15. Bf4 Rd8 16. Rad1 Nd3 17. Rxe7 Kxe7 18. Bxd6+ Rxd6 19. Nxd6 Kxd6 20. Nh4 Be4
21. f3 f5 22. fxe4 fxe4 23. Bc2 Kc5 24. Bxd3 exd3 25. Rxd3 Kc4 26. Rf3 Rd8 27.
Nf5 Rd7 28. Ne3+ Kxc3 29. Nd5+ Kc4 30. Nxb6+ axb6 31. Rf4+ Kb5 32. h4 Ka5 33.
Kf2 b5 34. a3 Rd2+ 35. Kf1 Rd6 36. Ke2 Re6+ 37. Kd3 Rf6 38. Rg4 Rg6 39. Rxg6
hxg6 40. Kc3 Ka4 41. Kb2 b4 42. axb4 Kxb4 0-1

[Event "4NCL 2023-24"]
[Site "England ENG"]
[Date "2024.02.10"]
[Round "5.1"]
[Board "5"]
[White "Cyborowski, Lukasz"]
[Black "Pozimski, Szymon"]
[Result "1-0"]
[WhiteTitle "GM"]
[WhiteElo "2484"]
[BlackElo "1999"]
[WhiteTeam "Manx Liberty"]
[BlackTeam "Oxford 1"]
[WhiteFideId "1108760"]
[BlackFideId "1138855"]
[EventDate "2023.11.11"]

1. c4 e6 2. Nf3 Nf6 3. g3 d5 4. d4 dxc4 5. Bg2 c5 6. O-O Nc6 7. dxc5 Qxd1 8.
Rxd1 Bxc5 9. Nbd2 c3 10. bxc3 O-O 11. Nb3 Be7 12. Nfd4 Bd7 13. Nxc6 Bxc6 14.
Bxc6 bxc6 15. c4 Rfc8 16. Be3 Kf8 17. f3 Ke8 18. Rab1 Bd8 19. Nc1 Nd7 20. Nd3
Rcb8 21. Kf2 a5 22. Bf4 Rxb1 23. Rxb1 Ra7 24. a4 Bb6+ 25. Be3 Bxe3+ 26. Kxe3 Kd8
27. Kd4 Kc7 28. f4 Ra8 29. Nc5 Nb6 30. Kc3 h5 31. e4 Ra7 32. e5 Ra8 33. h3 g6
34. Rb2 Rc8 35. Rb3 Ra8 36. Rb1 Rc8 37. Kd4 Rd8+ 38. Kc3 Rc8 39. Na6+ Kb7 40. c5
Kxa6 41. Rxb6+ Ka7 42. g4 hxg4 43. hxg4 Rc7 44. Kd3 Ka8 45. Ke3 Rb7 46. Rxc6
Rb3+ 47. Kf2 Kb7 48. Rd6 Ra3 49. Rd7+ Kc6 50. Rxf7 Kxc5 51. Rf6 Kd5 52. Rxg6 Ke4
53. Rf6 Rxa4 54. Kg3 Ra3+ 55. Kh4 Rf3 56. Kg5 a4 57. Rxe6 Rxf4 58. Ra6 Rf8 59.
Rxa4+ Kxe5 60. Kh6 Rh8+ 61. Kg7 Rh4 62. Ra5+ Ke6 63. g5 Ke7 64. Re5+ Kd6 65. Re1 1-0

[Event "4NCL 2023-24"]
[Site "England ENG"]
[Date "2024.02.10"]
[Round "5.1"]
[Board "6"]
[White "Arora, Tashika"]
[Black "Csonka, Balazs"]
[Result "0-1"]
[BlackTitle "IM"]
[WhiteElo "1934"]
[BlackElo "2491"]
[WhiteTeam "Oxford 1"]
[BlackTeam "Manx Liberty"]
[WhiteFideId "459305"]
[BlackFideId "742910"]
[EventDate "2023.11.11"]

1. d4 g6 2. c4 Bg7 3. g3 c5 4. d5 Qa5+ 5. Nd2 Nf6 6. Bg2 d6 7. e4 b5 8. cxb5
Qxb5 9. Ne2 Ba6 10. Nc3 Qa5 11. Bf1 O-O 12. Be2 Rc8 13. O-O Nfd7 14. Nb3 Qb4 15.
Bxa6 Nxa6 16. a3 Qb6 17. Qc2 c4 18. Nd2 Ne5 19. Kg2 Rab8 20. Rb1 Nc5 21. f4 Ned3
22. Na4 Nxa4 23. Qxa4 Qe3 24. Qd1 c3 25. bxc3 Rxb1 26. Nxb1 Qxe4+ 27. Kh3 Qxd5
28. Qe2 e5 29. fxe5 dxe5 30. Be3 a6 31. g4 Rc4 32. Rd1 e4 33. Qd2 Qe6 34. Qg2 h5
35. Qe2 hxg4+ 36. Kg2 f5 37. Kh1 Rc8 38. Rd2 Be5 39. Qd1 Qc6 40. Kg1 Kg7 41. Rg2
f4 42. Bf2 Nxf2 43. Kxf2 e3+ 44. Kg1 f3 45. Rxg4 f2+ 0-1

[Event "4NCL 2023-24"]
[Site "England ENG"]
[Date "2024.02.10"]
[Round "5.1"]
[Board "7"]
[White "Terbe, Julianna"]
[Black "Zakarian, Dimitrios Levon"]
[Result "1-0"]
[WhiteTitle "WIM"]
[WhiteElo "2289"]
[BlackElo "1966"]
[WhiteTeam "Manx Liberty"]
[BlackTeam "Oxford 1"]
[WhiteFideId "708780"]
[BlackFideId "453080"]
[EventDate "2023.11.11"]

1. c4 Nf6 2. g3 e6 3. Bg2 d5 4. Nf3 Be7 5. b3 O-O 6. Bb2 c5 7. cxd5 exd5 8. d4
Nc6 9. O-O h6 10. Nc3 Be6 11. dxc5 Bxc5 12. Rc1 Rc8 13. e3 Qe7 14. Nb5 Ne4 15.
Nbd4 Rfd8 16. Nxc6 Rxc6 17. Nd4 Rcc8 18. Qd3 Nf6 19. Nf5 Bxf5 20. Qxf5 Rc6 21.
Rcd1 Ba3 22. Ba1 Rcd6 23. Be5 Re6 24. Bxf6 Rxf6 25. Qh5 Bc5 26. Rxd5 Rxd5 27.
Bxd5 b6 28. Kg2 Kh7 29. e4 g6 30. Qe2 Rd6 31. Rd1 Qd8 32. Qc4 Qf6 33. Rd2 a5 34.
Re2 Rd7 35. e5 Qf5 36. g4 Qg5 37. h3 h5 38. f4 Qh4 39. g5 Rc7 40. Bxf7 Bf2 41.
Bxg6+ Kh8 42. Qd3 1-0

[Event "4NCL 2023-24"]
[Site "England ENG"]
[Date "2024.02.10"]
[Round "5.1"]
[Board "8"]
[White "Phan, Stefanus Kf"]
[Black "Kolbus, Dietmar"]
[Result "1/2-1/2"]
[BlackTitle "IM"]
[WhiteElo "2019"]
[BlackElo "2231"]
[WhiteTeam "Oxford 1"]
[BlackTeam "Manx Liberty"]
[WhiteFideId "5806283"]
[BlackFideId "4610628"]
[EventDate "2023.11.11"]

1. c4 Nf6 2. g3 g6 3. Bg2 Bg7 4. Nc3 O-O 5. e4 c5 6. Nge2 Nc6 7. O-O d6 8. d3
Bd7 9. h3 Ne8 10. Be3 Nd4 11. Rb1 a5 12. f4 Nc7 13. Nd5 Nxd5 14. cxd5 b5 15.
Nxd4 cxd4 16. Bf2 Rc8 17. Qd2 Qb6 18. Rbc1 e6 19. g4 exd5 20. exd5 b4 21. Bh4 f5
22. Bf3 Bh6 23. g5 Bg7 24. Rfe1 Rxc1 25. Rxc1 Rc8 26. Be1 Rxc1 27. Qxc1 Qc5 28.
Qd2 Bf8 29. Bd1 Kf7 30. Bb3 Be7 31. Bc4 Bd8 32. Qe2 Bb6 33. h4 Qc8 34. Kf1 Qh8
35. h5 Bc5 36. b3 Qd8 37. Bf2 Kg8 38. Kg2 Be8 39. h6 Bf7 40. Qb2 Qb6 41. Qe2 Kf8
42. Kg3 Qb7 43. Qb2 Qb6 1/2-1/2

[Event "4NCL 2023-24"]
[Site "England ENG"]
[Date "2024.02.10"]
[Round "5.2"]
[Board "1"]
[White "Colovic, Aleksandar"]
[Black "Gourlay, Iain"]
[Result "1/2-1/2"]
[WhiteTitle "GM"]
[BlackTitle "FM"]
[WhiteElo "2433"]
[BlackElo "2307"]
[WhiteTeam "Chessable White Rose 1"]
[BlackTeam "Alba"]
[WhiteFideId "15000729"]
[BlackFideId "2401533"]
[EventDate "2023.11.11"]

1. e4 c6 2. d3 d5 3. Bf4 Qb6 4. Nd2 Qxb2 5. Ngf3 Nd7 6. d4 e5 7. Rb1 Qc3 8. Rb3
Qa5 9. Nxe5 Ngf6 10. Nxd7 Bxd7 11. e5 Ne4 12. Bd3 Bb4 13. Bxe4 dxe4 14. O-O Be6
15. c3 Bxc3 16. Rxc3 Qxc3 17. Nxe4 Qb4 18. Nd6+ Ke7 19. Qd3 Rab8 20. Rb1 Qa4 21.
a3 h6 22. Bd2 b6 23. h3 Rhd8 24. Bb4 a5 25. Nf5+ Kd7 26. Bd6 Qc4 27. Qe4 Bxf5
28. Qxf5+ Qe6 29. Qd3 Ke8 30. Bxb8 Rxb8 31. Qh7 Qg6 32. Qg8+ Ke7 33. Qxb8 Qxb1+
34. Kh2 Qb5 35. Qd6+ Ke8 36. f4 Qd5 37. Qc7 Qxd4 38. Qxc6+ Ke7 39. Qc7+ Ke8 40.
Qc6+ Ke7 41. Qc7+ Ke8 1/2-1/2

[Event "4NCL 2023-24"]
[Site "England ENG"]
[Date "2024.02.10"]
[Round "5.2"]
[Board "2"]
[White "Waldhausen Gordon, Frederick"]
[Black "Emms, John M"]
[Result "1-0"]
[WhiteTitle "FM"]
[BlackTitle "GM"]
[WhiteElo "2376"]
[BlackElo "2442"]
[WhiteTeam "Alba"]
[BlackTeam "Chessable White Rose 1"]
[WhiteFideId "2409143"]
[BlackFideId "400254"]
[EventDate "2023.11.11"]

1. d4 Nf6 2. c4 e6 3. Nf3 d5 4. Nc3 c5 5. cxd5 Nxd5 6. e4 Nxc3 7. bxc3 cxd4 8.
cxd4 Bb4+ 9. Bd2 Bxd2+ 10. Qxd2 O-O 11. Bc4 Nd7 12. O-O b6 13. Rfe1 Bb7 14. Rad1
Rc8 15. Bb3 Re8 16. h3 Nf6 17. Qd3 h6 18. Ne5 Qc7 19. f4 Nd7 20. Qg3 Nxe5 21.
fxe5 Red8 22. Kh2 Ba6 23. d5 Bc4 24. d6 Qb7 25. Re3 b5 26. Qf4 Qb6 27. Rg3 Kh8
28. Qxf7 Rg8 29. Bxc4 bxc4 30. d7 Rcf8 31. Qe7 c3 32. Rxg7 Rxg7 33. Qxf8+ 1-0

[Event "4NCL 2023-24"]
[Site "England ENG"]
[Date "2024.02.10"]
[Round "5.2"]
[Board "3"]
[White "Wells, Peter K"]
[Black "Olson, Hamish"]
[Result "1/2-1/2"]
[WhiteTitle "GM"]
[BlackTitle "FM"]
[WhiteElo "2351"]
[BlackElo "2359"]
[WhiteTeam "Chessable White Rose 1"]
[BlackTeam "Alba"]
[WhiteFideId "400327"]
[BlackFideId "2404257"]
[EventDate "2023.11.11"]

1. d4 d5 2. c4 e6 3. Nc3 Nf6 4. cxd5 exd5 5. Bg5 c6 6. e3 h6 7. Bh4 Be7 8. Bd3
O-O 9. Qc2 Re8 10. h3 c5 11. Nf3 Nc6 12. O-O cxd4 13. Nxd4 Nxd4 14. exd4 Nh5 15.
Bxe7 Rxe7 16. Qd2 Nf6 17. Rae1 Rxe1 18. Rxe1 Bd7 19. a3 a5 20. Re5 1/2-1/2

[Event "4NCL 2023-24"]
[Site "England ENG"]
[Date "2024.02.10"]
[Round "5.2"]
[Board "4"]
[White "Berry, Neil"]
[Black "Camacho Collados, Jose"]
[Result "1/2-1/2"]
[WhiteTitle "FM"]
[BlackTitle "IM"]
[WhiteElo "2263"]
[BlackElo "2370"]
[WhiteTeam "Alba"]
[BlackTeam "Chessable White Rose 1"]
[WhiteFideId "2400650"]
[BlackFideId "2265427"]
[EventDate "2023.11.11"]

1. d4 Nf6 2. c4 e6 3. Nf3 d5 4. g3 dxc4 5. Bg2 c5 6. O-O Nc6 7. dxc5 Qxd1 8.
Rxd1 Bxc5 9. Nbd2 c3 10. bxc3 O-O 11. Nb3 Be7 12. Nfd4 Nxd4 13. cxd4 Nd5 14. Bd2
f5 15. Na5 Bf6 16. e3 b6 17. Nc6 Bb7 18. Nb4 Rfd8 19. a4 Rac8 20. a5 b5 21. Nd3
Be7 22. a6 Bc6 23. Ba5 Rd6 24. Rdc1 Bd7 25. Nb4 Nc3 26. Rc2 Kf8 27. Bb7 Rc4 28.
Nd3 Nd5 29. Rac1 Ra4 30. Bc7 Nxc7 31. Rxc7 Be8 32. Rc8 Rc4 33. R1xc4 bxc4 34.
Ne5 Rd8 35. Rxc4 Bd6 36. f4 Bb5 37. Rc2 Ke7 38. h4 Rb8 39. Rb2 Bxe5 40. Rxb5 Bd6
41. Kf2 Kd7 42. Kf3 Bc7 43. e4 fxe4+ 44. Kxe4 Ke7 45. Rh5 h6 46. Rc5 Bd6 47. Rb5
Bc7 48. Rc5 Bd6 49. Rb5 1/2-1/2

[Event "4NCL 2023-24"]
[Site "England ENG"]
[Date "2024.02.10"]
[Round "5.2"]
[Board "5"]
[White "Palliser, Richard J D"]
[Black "McKay, Roderick M"]
[Result "1-0"]
[WhiteTitle "IM"]
[BlackTitle "IM"]
[WhiteElo "2375"]
[BlackElo "2179"]
[WhiteTeam "Chessable White Rose 1"]
[BlackTeam "Alba"]
[WhiteFideId "407372"]
[BlackFideId "2400049"]
[EventDate "2023.11.11"]

1. Nf3 d6 2. d4 c6 3. c4 Bg4 4. Nc3 Nd7 5. d5 Ngf6 6. Nd4 e5 7. Nc2 Bf5 8. Ne3
Bg6 9. g3 Ne4 10. Nxe4 Bxe4 11. f3 Bg6 12. h4 h5 13. Bh3 Be7 14. Bf5 Bxf5 15.
Nxf5 g6 16. Nxe7 Qxe7 17. e4 f5 18. Bg5 Qf8 19. dxc6 bxc6 20. Qa4 Rc8 21. Qxa7
Qf7 22. Rd1 Qe6 23. Qa3 Nc5 24. b4 Nb7 25. Qa6 Qf7 26. O-O O-O 27. f4 exf4 28.
Rxf4 Qc7 29. Qa3 fxe4 30. Rxe4 Qf7 31. Qe3 Rfe8 32. Rf1 Qd7 33. Rf6 Kg7 34. Ree6 1-0

[Event "4NCL 2023-24"]
[Site "England ENG"]
[Date "2024.02.10"]
[Round "5.2"]
[Board "6"]
[White "Vijayakumar, Rishi"]
[Black "Turner, Max N"]
[Result "1/2-1/2"]
[BlackTitle "CM"]
[WhiteElo "2156"]
[BlackElo "2269"]
[WhiteTeam "Alba"]
[BlackTeam "Chessable White Rose 1"]
[WhiteFideId "2408953"]
[BlackFideId "447722"]
[EventDate "2023.11.11"]

1. d4 d5 2. c4 e6 3. Nc3 Nf6 4. Nf3 Be7 5. Bf4 O-O 6. a3 c6 7. c5 Nbd7 8. e3 Nh5
9. Bd3 Nxf4 10. exf4 b6 11. b4 bxc5 12. bxc5 Qa5 13. Qd2 Bf6 14. Na2 Qxa3 15.
O-O Rb8 16. Nc3 Qb2 17. Qe3 Qb7 18. Ne5 Qc7 19. Ra3 a5 20. Rfa1 Ra8 21. Ne2 Bd8
22. Nf3 Qa7 23. Nd2 Ba6 24. Nb3 Bxd3 25. Qxd3 Bc7 26. Qd2 Rfb8 27. f3 a4 28. Nc3
Qb7 29. Nc1 Qb4 30. N1e2 Qc4 31. Rxa4 Rxa4 32. Rxa4 Qb3 33. Ra7 Rb7 34. Nc1 Qb4
35. N1a2 Qb3 36. Nc1 Qb4 37. Ra4 Qb2 38. Qxb2 Rxb2 39. Ra7 Bb8 40. Rxd7 Kf8 41.
Rd8+ Ke7 42. Rc8 Bxf4 43. N1e2 Be3+ 44. Kf1 Kd7 45. Ra8 e5 46. Ra2 Rb3 47. Nd1
Rb1 48. Nc3 Rc1 49. Ke2 exd4 50. Nxe3 Rxc3 51. Nf5 Rxc5 52. Nxd4 Rc4 53. Kd3 Kd6
54. Rc2 Rxc2 55. Nxc2 c5 56. Ne3 g6 57. f4 h5 58. h4 Ke6 59. g3 d4 60. Nd1 Kf5
61. Nf2 f6 62. Ke2 c4 63. Kf3 g5 64. Nd1 g4+ 65. Ke2 Ke4 66. Nf2+ Kd5 67. Kd2 f5
68. Kc2 Kc5 69. Kb2 Kd5 70. Kc2 Kc5 71. Kb2 Kb4 72. Kc2 Kb5 73. Nd1 Ka4 74. Nb2+
Kb4 75. Nd1 Kc5 76. Nf2 Kd5 77. Kb2 Kc5 78. Kc2 Kb4 1/2-1/2

[Event "4NCL 2023-24"]
[Site "England ENG"]
[Date "2024.02.10"]
[Round "5.2"]
[Board "7"]
[White "Wall, Tim P"]
[Black "Swanson, Stephen"]
[Result "1/2-1/2"]
[WhiteTitle "FM"]
[WhiteElo "2191"]
[BlackElo "2145"]
[WhiteTeam "Chessable White Rose 1"]
[BlackTeam "Alba"]
[WhiteFideId "401641"]
[BlackFideId "2400251"]
[EventDate "2023.11.11"]

1. Nc3 d6 2. e4 g6 3. d4 Bg7 4. Be2 a6 5. h4 h5 6. Nf3 Nc6 7. Be3 Nf6 8. d5 Ne5
9. Nxe5 dxe5 10. a4 O-O 11. Bc4 Ne8 12. Qe2 Nd6 13. Bb3 Bd7 14. f3 b5 15. g4
hxg4 16. h5 f5 17. hxg6 Qe8 18. exf5 Bxf5 19. fxg4 Bxg6 20. O-O-O Rf7 21. Bh6
Qf8 22. g5 Rf2 23. Qe3 Qf4 1/2-1/2

[Event "4NCL 2023-24"]
[Site "England ENG"]
[Date "2024.02.10"]
[Round "5.3"]
[Board "1"]
[White "Wadsworth, Matthew J"]
[Black "Cherniaev, Alexander"]
[Result "1/2-1/2"]
[WhiteTitle "IM"]
[BlackTitle "GM"]
[WhiteElo "2450"]
[BlackElo "2375"]
[WhiteTeam "Wood Green"]
[BlackTeam "Barnet Knights A"]
[WhiteFideId "415804"]
[BlackFideId "4117301"]
[EventDate "2023.11.11"]

1. d4 f5 2. Nc3 Nf6 3. Bg5 d5 4. e3 c6 5. Nf3 Be6 6. Bd3 Nbd7 7. Ne2 g6 8. Nf4
Bf7 9. h4 Ng4 10. h5 Rg8 11. hxg6 hxg6 12. c3 Qc7 13. Qc2 e5 14. dxe5 Ndxe5 15.
O-O-O Be7 16. Nxe5 Qxe5 17. Nh3 Bxg5 18. Nxg5 Qf6 19. f4 O-O-O 20. Qa4 Rg7 21.
Rd2 Kb8 22. Qd4 Re8 23. Re2 Bg8 24. Qxf6 Nxf6 25. Nf3 Ng4 1/2-1/2

[Event "4NCL 2023-24"]
[Site "England ENG"]
[Date "2024.02.10"]
[Round "5.3"]
[Board "2"]
[White "Villiers, Thomas"]
[Black "Murphy, Conor E"]
[Result "0-1"]
[WhiteTitle "CM"]
[BlackTitle "IM"]
[WhiteElo "2225"]
[BlackElo "2484"]
[WhiteTeam "Barnet Knights A"]
[BlackTeam "Wood Green"]
[WhiteFideId "427209"]
[BlackFideId "421669"]
[EventDate "2023.11.11"]

1. e4 c5 2. Nc3 g6 3. f4 Bg7 4. Nf3 Nc6 5. d3 d6 6. g3 Rb8 7. Bg2 b5 8. O-O b4
9. Ne2 Nf6 10. h3 O-O 11. Nh4 Bb7 12. f5 Ne5 13. Bf4 Ne8 14. Qd2 Nc7 15. Bh6 f6
16. Be3 e6 17. g4 Qe7 18. Ng3 Rbc8 19. Rae1 a5 20. Nf3 Nb5 21. Nxe5 dxe5 22. b3
Ra8 23. fxg6 hxg6 24. g5 f5 25. exf5 exf5 26. Bxb7 Qxb7 27. Bxc5 Rfc8 28. Qf2
Qd5 29. Be7 Nd4 30. c4 bxc3 31. h4 c2 32. Rc1 f4 33. Ne4 f3 34. Kh2 Ra7 35. Bf6
Qe6 36. Qg3 Rd7 37. h5 gxh5 38. Bxg7 Kxg7 39. Rxf3 Nxf3+ 40. Qxf3 Rf7 41. Nf6 e4
42. dxe4 Qd6+ 43. Kh1 Qd2 44. Rf1 c1=Q 45. Ne8+ Kh8 46. Qxh5+ Rh7 0-1

[Event "4NCL 2023-24"]
[Site "England ENG"]
[Date "2024.02.10"]
[Round "5.3"]
[Board "3"]
[White "Speelman, Jon S"]
[Black "Rocco, Federico"]
[Result "1-0"]
[WhiteTitle "GM"]
[WhiteElo "2500"]
[BlackElo "2161"]
[WhiteTeam "Wood Green"]
[BlackTeam "Barnet Knights A"]
[WhiteFideId "400033"]
[BlackFideId "431362"]
[EventDate "2023.11.11"]

1. Nf3 Nf6 2. c4 e6 3. Nc3 d5 4. d4 a6 5. cxd5 exd5 6. Bg5 Be7 7. e3 O-O 8. Bd3
Nbd7 9. O-O Re8 10. Qc2 c6 11. Rfe1 h6 12. Bf4 Nh5 13. Nxd5 Nxf4 14. Nxf4 Nf6
15. h3 Bd6 16. Ne2 Nd5 17. a3 Bc7 18. e4 Nf4 19. Nxf4 Bxf4 20. e5 h5 21. Bc4 Qd7
22. e6 fxe6 23. Qe4 Qf7 24. Bd3 Bh6 25. Qh7+ Kf8 26. Bg6 1-0

[Event "4NCL 2023-24"]
[Site "England ENG"]
[Date "2024.02.10"]
[Round "5.3"]
[Board "4"]
[White "Badacsonyi, Stanley"]
[Black "Turner, Matthew J"]
[Result "1/2-1/2"]
[BlackTitle "GM"]
[WhiteElo "2196"]
[BlackElo "2454"]
[WhiteTeam "Barnet Knights A"]
[BlackTeam "Wood Green"]
[WhiteFideId "486973"]
[BlackFideId "402893"]
[EventDate "2023.11.11"]

1. d4 d5 2. Nc3 Nf6 3. Bf4 c5 4. e4 Nxe4 5. Nxe4 dxe4 6. dxc5 Qa5+ 7. c3 Qxc5 8.
Qa4+ Nc6 9. Qxe4 Bf5 10. Qa4 e5 11. Be3 Qa5 12. Qxa5 Nxa5 13. Bb5+ Bd7 14. Bxd7+
Kxd7 15. b3 Ba3 16. Ne2 Nc6 17. f4 Rad8 18. Rd1+ Kc7 19. fxe5 Nxe5 20. O-O Rxd1
21. Rxd1 Re8 22. Nf4 Nc6 23. Kf2 Bd6 24. Nd5+ Kc8 25. Nb6+ 1/2-1/2

[Event "4NCL 2023-24"]
[Site "England ENG"]
[Date "2024.02.10"]
[Round "5.3"]
[Board "5"]
[White "Greet, Andrew N"]
[Black "Badacsonyi, Frankie"]
[Result "1-0"]
[WhiteTitle "IM"]
[WhiteElo "2408"]
[BlackElo "2160"]
[WhiteTeam "Wood Green"]
[BlackTeam "Barnet Knights A"]
[WhiteFideId "405817"]
[BlackFideId "460400"]
[EventDate "2023.11.11"]

1. Nf3 d5 2. d4 e6 3. g3 Nf6 4. Bg2 b5 5. O-O Be7 6. b3 Bb7 7. c4 bxc4 8. bxc4
dxc4 9. Qa4+ Nfd7 10. Ba3 O-O 11. Qxc4 Bxa3 12. Nxa3 c5 13. dxc5 Qa5 14. Qb5
Qxb5 15. Nxb5 Na6 16. Nd6 Bc6 17. Nd4 Bxg2 18. Kxg2 Naxc5 19. Nc6 g6 20. Rac1 a5
21. Rfd1 Kg7 22. Nb7 Nxb7 23. Rxd7 Nd8 24. Ne5 Rb8 25. f4 Rb7 26. Rcc7 Rxc7 27.
Rxc7 Kh8 28. Nd7 Re8 29. Rc8 Kg7 30. Ra8 f6 31. Nc5 Kf7 32. Ne4 Kg7 33. Nd6 Rf8
34. Rxa5 Nc6 35. Ra6 Nd4 36. Kf2 Rb8 37. Ra7+ Kg8 38. Ne4 Rb2 39. Nxf6+ Kf8 40.
Nxh7+ Kg8 41. Nf6+ Kf8 42. Ke3 Nxe2 43. a4 Nc3 44. h4 Rb3 45. Nd7+ Kg8 46. Kd4
Ra3 47. Ke5 1-0

[Event "4NCL 2023-24"]
[Site "England ENG"]
[Date "2024.02.10"]
[Round "5.3"]
[Board "6"]
[White "Josse, Mark"]
[Black "Cooper, Lawrence H"]
[Result "0-1"]
[WhiteTitle "CM"]
[BlackTitle "IM"]
[WhiteElo "2153"]
[BlackElo "2336"]
[WhiteTeam "Barnet Knights A"]
[BlackTeam "Wood Green"]
[WhiteFideId "414476"]
[BlackFideId "401536"]
[EventDate "2023.11.11"]

1. Nf3 d5 2. d4 Nf6 3. c4 c6 4. cxd5 cxd5 5. Nc3 Nc6 6. Bf4 a6 7. e3 Bg4 8. Bd3
e6 9. O-O Bd6 10. Bxd6 Qxd6 11. h3 Bh5 12. Rc1 O-O 13. a3 Rac8 14. g4 Bg6 15.
Bxg6 hxg6 16. Qe2 Nd7 17. Rfd1 Nb6 18. Kg2 Rc7 19. Nd2 Rfc8 20. f4 Na5 21. g5
Nac4 22. Nxc4 Rxc4 23. h4 Na4 24. Na2 Qb6 25. Rxc4 Rxc4 26. Nb4 Nxb2 27. Rb1 Na4
28. Rh1 a5 29. Nd3 Qb3 30. Nf2 Rc2 31. Qf3 Nc3 32. Kg3 Qa2 33. e4 Rxf2 34. Qxc3
dxe4 35. Qc8+ Kh7 0-1

[Event "4NCL 2023-24"]
[Site "England ENG"]
[Date "2024.02.10"]
[Round "5.3"]
[Board "7"]
[White "Hunt, Harriet V"]
[Black "Pollack, Oscar"]
[Result "1-0"]
[WhiteTitle "IM"]
[WhiteElo "2307"]
[BlackElo "2092"]
[WhiteTeam "Wood Green"]
[BlackTeam "Barnet Knights A"]
[WhiteFideId "403512"]
[BlackFideId "429414"]
[EventDate "2023.11.11"]

1. e4 e6 2. d4 d5 3. Nd2 Nf6 4. e5 Nfd7 5. c3 c5 6. Bd3 Nc6 7. Ne2 cxd4 8. cxd4
f6 9. exf6 Nxf6 10. Nf3 Bd6 11. O-O Qc7 12. Bg5 O-O 13. Rc1 Bd7 14. Bh4 Nh5 15.
Qc2 h6 16. Bg3 Nxg3 17. hxg3 Be8 18. Qd2 Qe7 19. Qe3 e5 20. dxe5 Nxe5 21. Nxe5
Qxe5 22. Qd2 Qf6 23. Bb1 Bf7 24. Rc3 Rfe8 25. Rf3 Qe5 26. Nc3 d4 27. Qd3 g6 28.
Rxf7 Kxf7 29. Qxg6+ Ke7 30. Qh7+ Kd8 31. Ne4 Re7 32. Qg8+ Re8 33. Qf7 Qe6 34.
Qxb7 Rb8 35. Qxa7 Be5 36. Qa5+ Bc7 37. Qd2 Bb6 38. b4 Ra8 39. Rc1 Ra3 40. Nc5
Bxc5 41. bxc5 Qd5 42. c6 d3 43. c7+ Kc8 44. Rd1 Qd4 45. Qxh6 Re2 46. Qf8+ Kxc7
47. Qf4+ Qxf4 48. gxf4 Rb2 49. Bxd3 Raxa2 50. Bc4 Ra4 51. Rc1 Kd6 52. g3 Ke7 53.
Rc3 Rab4 54. Kg2 Rd2 55. Ba6 Rbb2 56. Rf3 Ra2 57. Bc8 Kf6 58. g4 Rdc2 59. g5+
Kg6 60. Bg4 Rd2 61. Be6 Ra6 62. Re3 Rb6 63. Bb3 Kf5 64. Kg3 Rb4 65. Be6+ Kg6 66.
Bg4 Rdd4 67. Re6+ Kg7 68. Rf6 Rb3+ 69. f3 Rb1 70. f5 Rg1+ 71. Kh3 Rh1+ 72. Kg2
Rh4 73. Rg6+ Kf7 74. Kg3 Rh1 75. Ra6 Rc1 76. Bh5+ Kg8 77. Ra8+ Kh7 78. Ra7+ Kg8
79. Kf2 Rc5 80. Ra8+ Kh7 81. Bg6+ Kg7 82. Ra7+ Kg8 83. Bf7+ Kf8 84. Be6 1-0

[Event "4NCL 2023-24"]
[Site "England ENG"]
[Date "2024.02.10"]
[Round "5.3"]
[Board "8"]
[White "Mirzoeva, Elmira"]
[Black "Haydon, David L"]
[Result "0-1"]
[WhiteTitle "WGM"]
[BlackTitle "FM"]
[WhiteElo "2250"]
[BlackElo "2241"]
[WhiteTeam "Barnet Knights A"]
[BlackTeam "Wood Green"]
[WhiteFideId "4127951"]
[BlackFideId "415405"]
[EventDate "2023.11.11"]

1. d4 Nf6 2. c4 e6 3. Nf3 d5 4. Nc3 Nbd7 5. Bg5 Be7 6. e3 a6 7. Qc2 dxc4 8. Bxc4
b5 9. Bd3 c5 10. Rd1 cxd4 11. Nxd4 Bb7 12. O-O Qb6 13. Bxf6 Nxf6 14. Ne4 Rc8 15.
Qb1 Bxe4 16. Bxe4 O-O 17. Bf3 Rc7 18. Rc1 Rfc8 19. g3 g6 20. Kg2 Nd7 21. Rxc7
Rxc7 22. Rc1 Bf6 23. Rxc7 Qxc7 24. Qe4 Nc5 25. Qc2 Qd6 26. b4 Na4 27. Qc8+ Kg7
28. Nc6 Nb2 29. Qxa6 Qd2 30. Qa7 Nd3 31. e4 Ne1+ 32. Kf1 Nxf3 33. Qc5 Qd3+ 34.
Kg2 Qxe4 35. Kf1 Nd2+ 36. Kg1 Qe1+ 37. Kg2 Qf1# 0-1